Self and Salvation : (Record no. 603981)

MARC details
000 -LEADER
fixed length control field 00495nam a2200193 a 4500
008 - FIXED-LENGTH DATA ELEMENTS--GENERAL INFORMATION
fixed length control field 251218s1999##################000#0#eng##
020 ## - INTERNATIONAL STANDARD BOOK NUMBER
ISBN 9780521426169
082 04 - DEWEY DECIMAL CLASSIFICATION NUMBER
Classification number 234
Item number FOR
100 1# - MAIN ENTRY--AUTHOR NAME
Personal name Ford, David F.,
245 10 - TITLE STATEMENT
Title Self and Salvation :
260 ## - PUBLICATION, DISTRIBUTION, ETC. (IMPRINT)
Name of publisher Cambridge University Press,
Year of publication 1999.
300 ## - PHYSICAL DESCRIPTION
Number of Pages 316 pages
650 #0 - SUBJECT ADDED ENTRY--TOPICAL TERM
Topical Term Religion.
942 ## - ADDED ENTRY ELEMENTS (KOHA)
Koha item type English Books
Holdings
Withdrawn status Lost status Damaged status Not for loan Home library Current library Shelving location Date acquired Full call number Accession Number Price effective from Koha item type
        Anna Centenary Library Anna Centenary Library 3RD FLOOR, B WING 22.12.2025 234 FOR 235315 22.12.2025 English Books

Find us on the map